000 00997nam a2200241Ia 4500
999 _c38587
_d38587
001 4704
003 GE_BSU
005 20190709164353.0
008 181216s||||||||xx |||||||||||||| ||und||
020 _a9789941193774
040 _cGE_BSU
041 _ageo
080 _a94(37) + 94(100) უ-28
245 _aრომი მსოფლიო ისტორია :
_bნაწილი მესამე /
_cმთ. რედ. მაია ალუდაური ; რედ. მარინა ჩიტიაშვილი
264 _aთბილისი :
_bპალიტრა L, "მერანი'' ;
_c2011.
300 _a116 გვ. ;
_c20 სმ.
541 _h8 ლ.
653 _aრომი
653 _a მსოფლიო ისტორია
700 _aალადაური, მაია
_eრედაქტორი
_93172
700 _aჩიტაიშვილი, მარინა
_eრედაქტორი
_93173
942 _cBK
_2udc